| 000 | 00506nam a2200169Ia 4500 | ||
|---|---|---|---|
| 008 | 090201s9999 xx 000 0 und d | ||
| 010 | _aKPL-57430 | ||
| 040 | _bमराठी | ||
| 041 | _aमराठी | ||
| 082 |
_a10260 _b57430 |
||
| 100 | _aदिलीप प्रभावळकर | ||
| 245 |
_aझूम _cदिलीप प्रभावळकर |
||
| 260 |
_c2004 _bप्रभात प्रकाशन |
||
| 300 |
_a127 _bमोठा |
||
| 600 | _aझूम | ||
| 942 | _cBOOK | ||
| 999 |
_c210726 _d210726 |
||